000 00346nam a22001217a 4500
040 _cHS
082 _a658
100 _aVON MONIN
245 _aFund raising proposal and management គំរោងលើកសំណើថវិកា និងការគ្រប់គ្រង
260 _aRUA
_bVON MONIN
_c2004
300 _a54p;
942 _cEK
999 _c9654
_d9654